క్రికెట్ ప్రపంచ కప్ విజేతలు - Statistics

General Stats
  • This quiz has been taken 3 times
  • The average score is 7 of 13
Answer Stats
సంవత్సరం విజేత % Correct
1983 భారతదేశం
100%
2011 భారతదేశం
100%
2023 ఆస్ట్రేలియా
100%
1987 ఆస్ట్రేలియా
67%
1999 ఆస్ట్రేలియా
67%
2003 ఆస్ట్రేలియా
67%
2007 ఆస్ట్రేలియా
67%
2015 ఆస్ట్రేలియా
67%
1975 వెస్టిండీస్
33%
1979 వెస్టిండీస్
33%
2019 ఆంగ్లదేశం
33%
1992 పాకిస్తాన్
0%
1996 శ్రీలంక
0%
No matching quizzes found
Score Distribution
Percent of People with Each Score
Percentile by Number Answered
Your Score History
You have not taken this quiz